| 000 | 00494nam a2200181Ia 4500 | ||
|---|---|---|---|
| 001 | 4535 | ||
| 005 | 20260306145803.0 | ||
| 008 | 260306t1986||||xx |||||||||||||| ||spa|| | ||
| 041 | _aESP | ||
| 082 |
_a324.2737 _bS21 |
||
| 100 |
_aSanabria, Octavio _eAUT |
||
| 245 | 0 |
_aNicaragua: _bdiagnostico de una traición: el Frente Sandínista de Liberación Nacional en el poder |
|
| 260 | _c1986 | ||
| 300 |
_a251 páginas : _c22 cm. |
||
| 650 | _aGEN | ||
| 654 | _aCDE | ||
| 942 |
_cLIB _dJUS _fJUS _2ddc _n |
||
| 999 |
_c4535 _d4535 |
||